Szociális probléma, szociálisprobléma-megoldó gondolkodás vizsgálatok 4-23 évesek körében /
Elmentve itt :
| Szerző: | |
|---|---|
| Testületi szerző: | |
| Dokumentumtípus: | Prezentáció |
| Megjelent: |
2011
|
| Kulcsszavak: | problémamegoldás pszichológia |
| Tárgyszavak: | |
| Online Access: | http://eta.bibl.u-szeged.hu/4607 |
| LEADER | 00860nnm a2200229 i 4500 | ||
|---|---|---|---|
| 001 | eta4607 | ||
| 005 | 20210108134724.0 | ||
| 008 | 210108s2011 hu o 0|| hun d | ||
| 040 | |a SZTE Elektronikus Tananyag Archívum |b hun | ||
| 041 | |a hun | ||
| 100 | 1 | |a Kasik László | |
| 245 | 1 | 0 | |a Szociális probléma, szociálisprobléma-megoldó gondolkodás |h [elektronikus dokumentum] : |b vizsgálatok 4-23 évesek körében / |c Kasik László |
| 260 | |c 2011 | ||
| 300 | |a 12 | ||
| 516 | |a Presentation | ||
| 650 | 4 | |a Társadalomtudományok | |
| 650 | 4 | |a Pszichológia | |
| 650 | 4 | |a Pszichológia (benne ember-gép kapcsolat) | |
| 695 | |a problémamegoldás | ||
| 695 | |a pszichológia | ||
| 711 | |a Eötvös Loránd Kollégium Quadrivium Műhely |c Szeged, Magyarország |d 2011. 12. 02. | ||
| 856 | 4 | 0 | |u https://eta.bibl.u-szeged.hu/4607/1/2010-0012_76_04.pdf |z Dokumentum-elérés |